| 000 | 00357nam a22001337a 4500 | ||
|---|---|---|---|
| 999 |
_c2057 _d2057 |
||
| 008 | 200212b ||||| |||| 00| 0 eng d | ||
| 020 | _a1856174689 | ||
| 100 |
_91656 _aForsthoffer, William E. |
||
| 245 | 1 | 0 |
_aPumps, Vol. 2 _c/ by William E. Forsthoffer |
| 260 |
_aOxford _bElsevier _c2005 |
||
| 300 | _axiii,197p. | ||
| 650 | 0 | _aPumping Machinery | |
| 942 | _cBK | ||